000 00384nam a2200169Ia 4500
003 0STCL
008 150530s9999 xx 000 0 und d
040 _aSTCL
_cSTCL
100 _aUrsula Hicks, K.
245 _aPublic finance
260 _bUniversity Press; Cambridge
_c1971
300 _a349
546 _aEnglish
942 _2ddc
_cBK
999 _c10077
_d10077
005 20220125165539.0